Allô maman bobo - Alain Souchon : Paroles - Statistiques

Statistiques générales
  • Ce quiz a été pris 48 fois
  • Le résultat moyen est 195 sur 274
Statistiques - réponses
Paroles % Correct
a
100%
à
100%
ma
98%
allô
95%
bobo
95%
maman
95%
pas
90%
tu
90%
le
88%
beau
85%
comment
85%
de
85%
fait
83%
j'suis
83%
m'as
83%
y
80%
dans
78%
la
78%
un
78%
tête
76%
en
73%
et
73%
faire
71%
mal
71%
peu
71%
rien
71%
trop
71%
des
68%
ville
68%
fragile
66%
les
66%
p'tit
66%
tout
66%
une
66%
d'affaires
63%
chemin
61%
mon
61%
campagne
59%
d'fer
59%
fer
59%
ligne
59%
long
59%
peut-être
59%
au
56%
d'la
56%
j'ai
56%
seul
56%
boîte
54%
coeur
54%
du
54%
J'marche
54%
j'marche
54%
p'tite
49%
coups
44%
heures
44%
quatre
44%
vomi
44%
j'donne
41%
d'pied
39%
rêveur
37%
avec
34%
moi
34%
scène
34%
music-hall
32%
nuit
32%
belle
29%
gens
29%
traîne
29%
dur
27%
maintenant
27%
peggy
27%
qu'ont
27%
saloon
27%
folles
24%
homme
24%
qu'j'fais
24%
bol
22%
fêtes
22%
j'me
22%
nuits
22%
étoiles
20%
fumée
20%
sorties
20%
voile
20%
retrouve
17%
d'port
15%
barrer
12%
j'voulais
12%
chapeau-clown
10%
chevaux
10%
l'revolver
10%
Aucun quiz correspondant
Distribution des résultats
% des personnes avec chaque résultat
Percentile par nombre de réponses
Votre historique - résultats
Vous n’avez pas pris ce quiz